Leer y saber II castellano: 4º ciclo medio egb

Guardado en:
Detalles Bibliográficos
Autor principal: Equipo "Blanca de los Ríos". Autor
Formato: Desconocido
Lenguaje:español
Publicado: Madrid S.M. 1982
Catálogo:MANES:  Resultados de Búsqueda del Catálogo
Clasificación de libros de texto:
Etiquetas: Agregar Etiqueta
Sin Etiquetas, Sea el primero en etiquetar este registro!
Añadido a:2016-04-26
Cambiado en:2025-05-07

MARC

LEADER 000000000a22000000004500
001 12154
003 OSt
005 20250507133407.0
008 160427s sp ||||| |||| 00| 0 spa d
561 |5 es-CICE  |3 FMa/EL142  |a España. Centro Internacional de la Cultura Escolar  |k MANES 
999 |c 90839  |d 90839 
040 |c centro_internacional de la cultura escolar  |a centro_manes 
041 1 |a spa 
100 1 |a Equipo "Blanca de los Ríos". Autor  |9 7117 
245 0 0 |a Leer y saber II castellano: 4º ciclo medio egb 
260 3 |a Madrid  |b S.M.  |c 1982 
300 |a 158 p.  |c 25 x 19 cm. 
500 |a EDAD:14 Contiene ilustraciones a color y ejercicios  
546 |a España 
690 0 |a EyL  |9 34821 
691 0 |a PRI 
942 |2 ddc  |c BK 
999 |c manes:90839  |d 90839